000 01277nam a2200277 a 4500
999 _c440013
_d440013
003 BLK
005 20250729102225.0
008 211214b bu |||||r|||| 00| | bu d
020 _a9789547833135
040 _aBLK
041 _aBUL
_cBUL
080 _aАмериканска литература (на САЩ)
_b821.111(73)
_x-31
_z821.111(73)-31
100 _aРийд, Тейлър Дженкинс
_eпърви автор
_91299
139 _aРийд, Тейлър Дженкинс
_bР 58
245 _aСкандалният живот на Евелин Хюго
_bисторията на рок чудото от седемдесетте
_cТейлър Дженкинс Рийд ; прев. Катя Перчинкова
257 _aBGR
260 _9211571
_aСофия
_bIntense
_c2021
_f(София : Алианс принт)
_n978-954-783-
300 _a495 с.
_c20 см
380 _aX
490 _9417306
_aБиблиотека Lux in tenebris
_v10
_xC634-7967
500 _aОриг. загл.: The seven husbands of Evelyn Hugo / Taylor Jenkins Reid
700 1 _9108657
_aПерчинкова, Катя Христова
_eпрев.
852 _bП
_c821-31/Р 58 Т
942 _cKNG
_n0
_s1
_024
944 _aCR
_c2021-12-14
_k30576
_lЦветомила Тодорова